00811 2200289 4500001002100000005001500021035002000036007000300056008004100059020002200100082001100122084001700133100003000150245005600180250001000236300002800246650002100274650001500295650002800310700003700338264004800375336002100423337003000444338002300474990001200497990001200509INLIS00000000000011820230713102906 a0010-0723000094ta230713 0  a978-602-9025-13-2 a621.85 a621.85 MUH s0 aMuhkamad WakidePengarang1 aSistem Transmisi Kendaraan Ringan /cMuhkamad Wakid acet 1 a91 hlm :bilus ;c25 cm 4aTransmisi Energi 4aPermesinan 4aTeknik Kendaraan Ringan0 aM. Alaika SalamullohePenyunting aYogyakarta :bSkripta Media Creative,c2017 2rdacontentateks 2rdamediaatanpa perantara 2rdacarrieravolume a20.0102 a20.0103